Fundamentals of Multinational Finance

For undergraduate courses in International Financial Management, International Business Finance, or International Finance. Real-world examples introduce readers to global financial management strategy Fundamentals of Multinational Finance helps prepare tomorrow's business leaders to comprehend...

全面介绍

Saved in:
书目详细资料
主要作者: MOFFETT, M.H
其他作者: STONEHILL, A.I, EITEMAN, D.K
格式: 图书
出版: Harlow : Pearson Education Limited, c 2024.
版:7th ed.
主题:
标签: 添加标签
没有标签, 成为第一个标记此记录!

MARC

LEADER 00000nam a2200000 4500
005 20250522094334.0
020 |a 9781292727820  |c TZS152,116/= 
040 |a MUL  |b eng.  |e AACR 
082 |a 658.1599 MOF 
100 |a MOFFETT, M.H 
245 |a Fundamentals of Multinational Finance  |c Michael Moffett, Arthur Stonehill and David Eiteman 
250 |a 7th ed. 
260 |a Harlow :  |b Pearson Education Limited,  |c c 2024. 
300 |a 572p. :  |b col.ill. ;  |c 27 cm. 
504 |a Includes index 
505 |a PART 1: GLOBAL FINANCIAL ENVIRONMENT Multinational Fin Mgmt: Challenges & OpportunitiesThe International Monetary SystemThe Balance of PaymentsFinancial Goals and Corporate Governance PART 2: FOREIGN EXCHANGE THEORY & MARKETS The Foreign Exchange MarketInternational Parity Conditions Appendix: An Algebraic Primer to Parity Conditions Foreign Currency Futures & OptionsInterest Rate Derivatives & SwapsExchange Rate Determination & Forecasting PART 3: FOREIGN EXCHANGE EXPOSURE Transaction ExposureTranslation ExposureOperating Exposure PART 4: FINANCING THE GLOBAL FIRM The Global Cost and Availability of CapitalFunding the Multinational FirmMultinational Tax ManagementInternational Trade Finance PART 5: FOREIGN INVESTMENTS & OPERATIONS Foreign Direct Investment & Political RiskMultinational Capital Budgeting & Cross-Border Acquisitions Answers to selected end-of-chapter problems 
520 |a For undergraduate courses in International Financial Management, International Business Finance, or International Finance. Real-world examples introduce readers to global financial management strategy Fundamentals of Multinational Finance helps prepare tomorrow's business leaders to comprehend global markets and lead organizations through a constantly changing global environment. Via illuminating case studies and real-world examples, readers are introduce 
546 |a eng. 
650 |a  International business 
650 |a  Business finance 
650 |a Direct investment 
700 |a STONEHILL, A.I 
700 |a EITEMAN, D.K 
942 |c BK 
999 |c 10920  |d 10920